000 01401nam a2200169Ia 4500
005 20250728154343.0
008 250728s9999 xx 000 0 und d
020 _a9780737747942
082 _a947.0854
_bIMM
100 _aImmell, Myra
245 4 _aThe Dissolution of the Soviet Union
260 _bGreenhaven Publishing
_c2010
300 _a224 pages
500 _aFrom the Back Cover: How an event is remembered depends on the people who record it. The broadest possible understanding of history comes from exploring multiple perspectives: from different time periods, different cultures, different ideologies. The Perspectives on Modern World History series provides multiple views of momentous events in recent history. Using primary and secondary sources, each volume provides background information on a significant event in modern world history, presents the controversies surrounding the event, and offers first-person narratives from people who lived through or were impacted by the event. All volumes in the series include an annotated table of contents, a chronology, a bibliography, and a subject index. For students and other researchers, Perspectives on Modern World History helps develop critical thinking skills, increases global awareness, and enhances and understanding of international perspectives about historic events.
650 _aJuvenile Nonfiction
942 _cENGLISH
999 _c577764
_d577764